00389nam a2200133Ia 4500100001700000942000700017654001100024245003700035260004100072082001000113546001200123999001700135952010300152 aBoguslavsky  cBK alathes aAutomatic & Semiautomatic Lathes bForeign Language Publicationc2001 a621.9 aENGLISH c27284d27284 001040708AFTaCRCEbCRCEd2023-03-17g5.60l0o621.9 pAFT104r2023-03-17v5.60w2023-03-17yBK